Každodenní život v Československu 1945/48-1989

Bibliographic Details
Other Authors: Pažout, Jaroslav, 1974- (Editor)
Format: Book
Language:Czech
Slovak
PhysicalDescription:239 s. faks., fotogr., ilustr., portréty 24 cm
Published: Praha Liberec Ústav pro studium totalitních režimů Technická univerzita v Liberci 2015
ISBN:9788087912355
9788074942501
Edition:1. vyd.
Subjects:

MARC

LEADER 00000cam a2200000 a 4500
001 vtls011473173
003 SK-MaSNL
005 20260311133355.0
008 170706s2015 xr haocg n 001 0 cze
015 |a SNBZSA2016/09 
020 |a 9788087912355  |q (brožované) 
020 |a 9788074942501 
035 |a DCCF3A16-FE80-4910-A0FC-CDB80DBBACA8 
035 |a urn:nbn:sk:snk-amlopy 
035 |a urn:nbn:sk:snk-am00bxv0 
040 |a SNK  |b slo  |c SNK  |e AACR2 
041 0 |a cze  |a slo  |b eng 
043 |a e-cs--- 
044 |a xr  |c CZ 
072 7 |a 316.7  |x Sociológia kultúry. Kultúrny život  |2 konspekt 
080 |a 316.728  |2 2011 
080 |a 316.72/.75  |2 2011 
080 |a (048.8:082)  |2 2011 
080 |a (078.7)  |2 2011 
080 |a (437)  |2 2011 
245 0 0 |a Každodenní život v Československu 1945/48-1989  |c Jaroslav Pažout (ed.) 
250 |a 1. vyd. 
260 |a Praha  |b Ústav pro studium totalitních režimů  |a Liberec  |b Technická univerzita v Liberci  |c 2015 
300 |a 239 s.  |b faks., fotogr., ilustr., portréty  |c 24 cm 
500 |a Zoznam skratiek 
504 |a Bibliogr. odkazy ; menný register ; zoz. skrat. 
546 |a Častočne slovenský text, anglické resumé 
648 7 |a 1945-1989  |2 SNKPH  |9 277989 
648 7 |a 20. stor.  |2 SNKPH  |9 275975 
648 7 |a 20th century  |2 SNKPHeng  |9 277995 
650 0 7 |a každodenný život  |2 SNKPH  |9 4946 
650 0 7 |a Everyday life  |2 SNKPHeng  |9 265105 
650 0 7 |a životný štýl  |2 SNKPH  |9 1704 
650 0 7 |a Style of life  |2 SNKPHeng  |9 265362 
650 0 7 |a kultúra a spoločnosť  |2 SNKPH  |9 4083 
650 0 7 |a Culture and society  |2 SNKPHeng  |9 265089 
651 7 |a Československo  |2 SNKPH  |9 21376 
651 7 |a Czechoslovakia  |2 SNKPHeng  |9 265183 
655 7 |a kolektívne monografie  |2 SNKPH  |9 249850 
655 7 |a prípadové štúdie  |2 SNKPH  |9 70498 
655 7 |a Collective monographs  |2 SNKPHeng  |9 125747 
655 7 |a Case studies  |2 SNKPHeng  |9 302769 
700 1 |a Pažout, Jaroslav,  |d 1974-  |4 edt  |9 123923 
852 |a Štátna vedecká knižnica v Banskej Bystrici 
919 |a 978-80-87912-35-5 
919 |a 978-80-7494-250-1 
958 |a TL 
958 |a ZS 
958 |a NB 
958 |a CZ 
958 |a SK 
999 |c 845144  |d 847074 
952 |a SNK  |b SNK  |y PREZ  |7 0  |p 17A1180073  |o snkSC 168332  |i snk2016/4370  |8 2  |g 8.69  |0 0  |1 0  |4 0  |d 2016-02-16  |f 1  |l 0  |r 2026-02-24 04:24:14  |w 2026-02-24 
952 |a SNK  |b SNKPULT  |y VYP  |7 0  |p 17A1194593  |o snkSC 168332 D1  |i snk2016/11951  |8 4  |g 5.00  |0 0  |1 0  |4 0  |d 2016-04-15  |l 1  |m 3  |q 2026-06-24  |r 2026-02-28 18:47:21  |s 2026-02-28  |w 2026-02-24